Leader xxxxxxxxxx
001 __ PCLIS00043557
005 __ 20220613092138.0
010 0_ |a978-957-444-756-5|b平裝|dNT$380
100 __ |a20110519d2011 m y0chiy09 e
101 0_ |achi
102 __ |atw
105 __ |ac z 000cd
200 1_ |a99年散文選|f宇文正主編
205 __ |a初版
210 __ |a臺北市|c九歌|d2011(民100)
215 0_ |a391面|c圖|d21公分
225 2_ |a九歌文庫|v1088
300 __ |a版權頁英文題名: Collected essays 2010
300 __ |a主編宇文正本名鄭瑜雯
300 __ |a作者號取自劃一題名
300 __ |a附錄: 九十九年度散文紀事 / 杜秀卿
306 __ |a2011年4印
410 _0 |12001 |a九歌文庫|v1088
500 11 |a九歌散文選|m中文
517 1_ |aCollected essays 2010|zeng
517 1_ |a九十九年散文選|zchi
606 __ |2cst|a散文
681 __ |a855|b8677
681 __ |a855|b8464
700 _0 |a宇文|b正|4主編
801 _0 |atw|b內湖高中|c20110519|gCCR
|